Normal view
MARC view
Entry Topical Term
001 - CONTROL NUMBER
- control field: 28793
003 - CONTROL NUMBER IDENTIFIER
- control field: ARRUPE
005 - DATE AND TIME OF LATEST TRANSACTION
- control field: 20170214094732.0
008 - FIXED-LENGTH DATA ELEMENTS
- fixed length control field: 170214|| aca||aabn | a|a d
040 ## - CATALOGING SOURCE
- Original cataloging agency: ARRUPE
- Transcribing agency: ARRUPE
150 ## - HEADING--TOPICAL TERM
- Topical term or geographic name as entry element: Women's studies
- Geographic subdivision: Africa.
670 ## - SOURCE DATA FOUND
- Source citation: Work cat.: (ARRUPE)0: Mama, Amina. 6150, Women's studies and studies of women in Africa during the 1990s /, c1996.